Sports Quiz

Random Sports or MLB Quiz

Cleveland Indians Opening Day Starting Pitchers Quiz Stats

 Plays Quiz Updated Apr 2, 2018

Score 0/118 Timer 13:00
0 Plays Today
Year Starter % Correct
2003C.C. Sabathia
83.4%
2004C.C. Sabathia
83.4%
2006C.C. Sabathia
83.4%
2007C.C. Sabathia
83.4%
2008C.C. Sabathia
83.4%
2018Corey Kluber
81.6%
2015Corey Kluber
80.2%
2016Corey Kluber
80.2%
2017Corey Kluber
80.2%
1939Bob Feller
75.2%
1940Bob Feller
75.2%
1941Bob Feller
75.2%
1946Bob Feller
75.2%
1947Bob Feller
75.2%
1948Bob Feller
75.2%
1949Bob Feller
75.2%
2009Cliff Lee
67%
1992Charles Nagy
53.4%
1993Charles Nagy
53.4%
1997Charles Nagy
53.4%
1998Charles Nagy
53.4%
1994Dennis Martinez
46.7%
1995Dennis Martinez
46.7%
1996Dennis Martinez
46.7%
2000Bartolo Colón
43.8%
2001Bartolo Colón
43.8%
2002Bartolo Colón
43.8%
1925Sherry Smith
39.9%
1944Al Smith
39.9%
1950Bob Lemon
39.4%
1951Bob Lemon
39.4%
1953Bob Lemon
39.4%
1955Bob Lemon
39.4%
1956Bob Lemon
39.4%
1972Gaylord Perry
37.2%
1973Gaylord Perry
37.2%
1974Gaylord Perry
37.2%
1975Gaylord Perry
37.2%
1961Jim Perry
37.1%
2011Fausto Carmona
35.9%
Year Starter % Correct
1966Sam McDowell
34.1%
1967Sam McDowell
34.1%
1970Sam McDowell
34.1%
2005Jake Westbrook
27.4%
2010Jake Westbrook
27.4%
1999Jaret Wright
26.6%
1952Early Wynn
26.5%
1954Early Wynn
26.5%
2012Justin Masterson
25.7%
2013Justin Masterson
25.7%
2014Justin Masterson
25.7%
1969Luis Tiant
25.1%
1976Dennis Eckersley
24.9%
1977Dennis Eckersley
24.9%
1933Clint Brown
21.7%
1981Bert Blyleven
21.5%
1985Bert Blyleven
21.5%
1957Herb Score
18.9%
1958Herb Score
18.9%
1987Tom Candiotti
18.8%
1988Tom Candiotti
18.8%
1903Addie Joss
18.6%
1908Addie Joss
18.6%
1909Addie Joss
18.6%
1910Addie Joss
18.6%
1989Greg Swindell
18.3%
1991Greg Swindell
18.3%
1983Rick Sutcliffe
16.7%
1984Rick Sutcliffe
16.7%
1990Bud Black
16.2%
1917Stan Coveleski
15.1%
1918Stan Coveleski
15.1%
1919Stan Coveleski
15.1%
1920Stan Coveleski
15.1%
1921Stan Coveleski
15.1%
1923Stan Coveleski
15%
1935Mel Harder
13.8%
1936Mel Harder
13.8%
1937Mel Harder
13.8%
1963Mudcat Grant
11.1%
Year Starter % Correct
1964Mudcat Grant
11.1%
1978Wayne Garland
9.5%
1959Gary Bell
9.4%
1960Gary Bell
9.4%
1982Rick Waits
9.2%
1968Sonny Siebert
9.1%
1938Johnny Allen
8.8%
1931Wes Ferrell
8.7%
1932Wes Ferrell
8.7%
1979Rick Wise
8.1%
1942Jim Bagby
7.9%
1943Jim Bagby
7.9%
1926George Uhle
7.2%
1927George Uhle
7.2%
1928George Uhle
7.2%
1902Earl Moore
7%
1905Earl Moore
7%
1986Ken Schrom
6.5%
1945Allie Reynolds
6.4%
1971Steve Hargan
6.4%
1980Dan Spillner
5.5%
1912Willie Mitchell
5.4%
1914Willie Mitchell
5.4%
1915Willie Mitchell
5.4%
1916Willie Mitchell
5.4%
1962Dick Donovan
5.1%
1965Ralph Terry
4.7%
1930Willis Hudlin
4.7%
1913Vean Gregg
4.3%
1922Guy Morton
4.1%
1906Otto Hess
3.2%
1934Oral Hildebrand
3.1%
1924Joe Shaute
3.1%
1929Joe Shaute
3.1%
1904Bill Bernhard
3.1%
1901Bill Hoffer
2.7%
1907Glenn Liebhardt
2.5%
1911Fred Blanding
2.4%

You're not logged in!

Compare scores with friends on all Sporcle quizzes.
Join for Free
OR
Log In

Show Comments

Extras

Top Quizzes Today


Score Distribution

Your Account Isn't Verified!

In order to create a playlist on Sporcle, you need to verify the email address you used during registration. Go to your Sporcle Settings to finish the process.

Report this User

Report this user for behavior that violates our Community Guidelines.

Details: